| 000 | 00827nam a2200229Ia 4500 | ||
|---|---|---|---|
| 005 | 20241129110953.0 | ||
| 008 | 241129s9999||||xx |||||||||||||| ||und|| | ||
| 020 | _a978-81-7110-795-7 | ||
| 037 | _aTB | ||
| 040 |
_aCRL _bhin _cCRL |
||
| 041 |
_ahin _2hin |
||
| 084 |
_aP15,10A3:28x1,1152R2 _qCRL |
||
| 100 | _aमीमांसक, उदयनो, संपा. | ||
| 245 | 0 |
_aनिरूक्त - निर्वचनानि _cमीमांसक, उदयनो, संपा. |
|
| 260 |
_aदिल्ली, भारत _bपरिमल पब्लिकेशन्स _c2022 |
||
| 300 | _a635पृ0 | ||
| 365 |
_aINR _b600 |
||
| 546 | _aTranslated from Sanskrit to Hindi | ||
| 650 |
_aSanskrit Language _91031 |
||
| 942 |
_cTB _hP15,10A3:28x1,1152R2 |
||
| 999 |
_c1228337 _d1228337 |
||